Minecraft Indev - Statistics

General Stats
  • This quiz has been taken 26 times
  • The average score is 60 of 72
Answer Stats
Picture Answer % Correct
Apple
100%
Block of Diamond
91%
Bow
91%
Bowl
91%
Bread
91%
Chainmail Boots
91%
Chainmail Chestplate
91%
Chainmail Leggings
91%
Chest
91%
Coal
91%
Crafting Table
91%
Diamond
91%
Diamond Axe
91%
Chainmail Helmet
86%
Cooked Porkchop
86%
Diamond Hoe
86%
Diamond Pickaxe
86%
Diamond Shovel
86%
Diamond Sword
86%
Raw Porkchop
86%
Diamond Boots
82%
Diamond Chestplate
82%
Diamond Helmet
82%
Diamond Leggings
82%
Feather
82%
Fire
82%
Flint
82%
Flint and Steel
82%
Furnace
82%
Golden Axe
82%
Golden Boots
82%
Golden Chestplate
82%
Golden Helmet
82%
Golden Hoe
82%
Golden Leggings
82%
Golden Pickaxe
82%
Golden Shovel
82%
Golden Sword
82%
Gold Ingot
82%
Iron Axe
82%
Iron Boots
82%
Iron Chestplate
82%
Iron Helmet
82%
Iron Hoe
82%
Iron Ingot
82%
Iron Leggings
82%
Iron Pickaxe
82%
Iron Shovel
82%
Iron Sword
82%
Leather Boots
82%
Leather Cap
82%
Leather Pants
82%
Leather Tunic
82%
Diamond Ore
77%
Farmland
77%
Gunpowder
77%
Mushroom Stew
77%
Stick
77%
Stone Axe
77%
Stone Hoe
77%
Stone Pickaxe
77%
Stone Shovel
77%
Stone Sword
77%
String
77%
Torch
77%
Wheat
77%
Wheat Seeds
77%
Wooden Axe
77%
Wooden Hoe
77%
Wooden Pickaxe
77%
Wooden Shovel
77%
Wooden Sword
77%
No matching quizzes found
Score Distribution
Percent of People with Each Score
Percentile by Number Answered
Your Score History
You have not taken this quiz